| 000 | 00345nam a22001337a 4500 | ||
|---|---|---|---|
| 082 |
_a388.02854 _bNAT _cD |
||
| 100 |
_aTRB _919556 |
||
| 245 | _aMicrocomputer in Transportation | ||
| 260 |
_aWashington DC: _bTRB _cc1983 |
||
| 300 |
_a23 p.: _bill.; _c24 cm. |
||
| 526 |
_a0 _b0 _c0 _d388_028540000000000_NAT |
||
| 650 |
_aMCE _9379 |
||
| 942 |
_2ddc _cBK |
||
| 999 |
_c543069 _d543069 |
||